Prénoms des joueurs en nba - Statistiques

Statistiques générales
  • Ce quiz a été pris 123 fois
  • Le résultat moyen est 12 sur 15
Statistiques - réponses
Question Réponse % Correct
...James LeBron
93%
... Durant Kevin
88%
...Jordan Michael
88%
... O'Neal Shaquille
88%
... Curry Stephen
88%
...Antetokoúnmpo Giannis
83%
...Westbrook Russell
82%
...Irving Kyrie
81%
...Abdul Jabbar Kareem
80%
...Thompson Klay
80%
... Harden James
78%
...Jokic Nikola
76%
...Ming Yao
76%
...Iverson Allen
75%
...Leonard Kawhi
66%
Aucun quiz correspondant
Distribution des résultats
% des personnes avec chaque résultat
Percentile par nombre de réponses
Votre historique - résultats
Vous n’avez pas pris ce quiz